000 01433nam a2200349Ia 4500
001 ebr10112478
003 CaPaEBR
006 m u
007 cr cn|||||||||
008 050607s2004 caua sb 001 0 eng d
020 _z0738490989
040 _aCaPaEBR
_cCaPaEBR
035 _a(OCoLC)61452957
050 1 4 _aQA76.9.D3
_bD383 2004eb
082 0 4 _a005.74
_222
245 0 0 _aDatabase transition
_h[electronic resource] :
_bInformix Dynamic Server to DB2 Universal Database /
_cChuck Ballard ... [et al.].
250 _a1st ed.
260 _aSan Jose, CA :
_bIBM,
_cc2004.
300 _axix, 582 p. :
_bill.
490 1 _aRedbooks
500 _a"This edition applies to Version 8.2 of DB2 Universal Database, Version 9.4 of Informix Dynamic Server (IDS), and Version 1.3 of the DB2 Migration Toolkit for Informix."
500 _a"December 2004."
504 _aIncludes bibliographical references and index.
533 _aElectronic reproduction.
_bPalo Alto, Calif. :
_cebrary,
_d2009.
_nAvailable via World Wide Web.
_nAccess may be limited to ebrary affiliated libraries.
630 0 0 _aIBM Database 2.
650 0 _aDatabase management.
655 7 _aElectronic books.
_2local
700 1 _aBallard, Chuck.
_4aut
710 2 _aebrary, Inc.
830 0 _aIBM redbooks.
856 4 0 _uhttp://site.ebrary.com/lib/rucke/Doc?id=10112478
_zAn electronic book accessible through the World Wide Web; click to view
999 _c106582
_d106582